000
00267nam a22000977a 4500
008
151211b xxu||||| |||| 00| 0 eng d
020
_a
032143675X
082
_a
004.42
245
1
0
_a
Web development & design foundations with XHTML /
_c
Terry Felke-Morris.
250
_a
3rd ed.
999
_c
1402
_d
1402